Movies Quiz

Random Movies or Numbers Quiz

LOTR Characters by Image Quiz Stats

 Plays Quiz Updated Nov 13, 2018

Also try: LOTR Name to Name
Challenge
Share
Tweet
Score 0/40 Timer 07:00
18 Plays Today
% Correct
Frodo Baggins
98.8%
Samwise Gamgee
97.8%
Gandalf the Grey
96.6%
Legolas
95.5%
Bilbo Baggins
95.3%
Gollum
95.3%
Peregrin Took
94.2%
Aragorn
93.6%
Gimli
92.9%
Meriadoc Brandybuck
91.7%
Boromir
89.7%
Sauron
83.7%
Faramir
80.7%
Saruman the White
78.8%
Arwen
77.5%
Galadriel
75.7%
Elrond
75.3%
Grima Wormtongue
74.3%
Shadowfax
73.3%
Treebeard
70.3%
% Correct
Éowyn
68.3%
Théoden
66.5%
Nazgûl
65.6%
Durin's Bane
64.8%
Witch-king of Angmar
63.5%
Éomer
59.9%
Shelob
57.7%
Cave-troll
57.3%
Rosie Cotton
56.3%
Denethor
54.5%
Isildur
53.8%
Déagol
40.3%
Celeborn
39.1%
Haldir
38.1%
King of the Dead
33.5%
Lurtz
29.3%
Elendil
21.7%
Watcher in the Water
20%
Figwit
16.8%
Gothmog
16.4%

You're not logged in!

Compare scores with friends on all Sporcle quizzes.
OR
Log In

You Might Also Like...

Show Comments

Extras

Top Quizzes Today


Score Distribution

Your Account Isn't Verified!

In order to create a playlist on Sporcle, you need to verify the email address you used during registration. Go to your Sporcle Settings to finish the process.

Report this User

Report this user for behavior that violates our Community Guidelines.

Details: